[Event "Euskadi ch 2017"]
[Site "Zornotza"]
[Date "2017.04.18"]
[Round "2.11"]
[White "Torres Garcia, Koldo"]
[Black "Gomez Fernandez, Fulgencio"]
[Result "1-0"]
[WhiteElo "2004"]
[BlackElo "1874"]
[PlyCount "92"]
[EventDate "2017.04.17"]
[EventType "swiss"]
[EventRounds "7"]
[EventCountry "ESP"]
[SourceTitle "Ajedrez en Madrid"]
[Source "lmi"]
[SourceDate "2017.04.17"]

1. d4 Nf6 2. c4 d5 3. cxd5 Nxd5 4. e4 Nb6 5. Nc3 e6 6. Nf3 Be7 7. Be3 O-O 8.
Bd3 Nc6 9. a3 f5 10. exf5 exf5 11. Qb3+ Kh8 12. d5 Bf6 13. O-O Ne5 14. Nxe5
Bxe5 15. f4 Bxc3 16. bxc3 Qxd5 17. c4 Qf7 18. Rfe1 Bd7 19. Bd4 Rfe8 20. Qb2 c5
21. Be5 Bc6 22. Qc2 Bd7 23. Re3 Be6 24. Rg3 Rg8 25. Rc1 Nd7 26. Ba1 Nf8 27. Qf2
h6 28. Qxc5 Ng6 29. Re1 Nxf4 30. Qe3 Qc7 31. Rg6 Kh7 32. Rxe6 Nxe6 33. Bxf5+ g6
34. Bxe6 Rge8 35. Qf2 Rad8 36. Bd5 Rf8 37. Qxa7 Rd7 38. Be5 Qd8 39. Qe3 Re7 40.
Qg3 Qe8 41. Bc3 Rxe1+ 42. Qxe1 Qd8 43. h3 Re8 44. Qf2 Rf8 45. Qd4 Qe7 46. Bb4
Qf6 1-0

[Event "Euskadi ch 2017"]
[Site "Zornotza"]
[Date "2017.04.19"]
[Round "3.1"]
[White "Prieto Aranguren, Alain"]
[Black "Del Rio De Angelis, Salvador G"]
[Result "1/2-1/2"]
[WhiteElo "2224"]
[BlackElo "2524"]
[PlyCount "118"]
[EventDate "2017.04.17"]
[EventType "swiss"]
[EventRounds "7"]
[EventCountry "ESP"]
[SourceTitle "Ajedrez en Madrid"]
[Source "lmi"]
[SourceDate "2017.04.17"]

1. d4 e6 2. e4 d5 3. exd5 exd5 4. Bd3 c5 5. c3 Nc6 6. Nf3 Bd6 7. O-O Nge7 8.
dxc5 Bxc5 9. Nbd2 O-O 10. Nb3 Bb6 11. Re1 h6 12. Be3 Bg4 13. h3 Bh5 14. Bxb6
Qxb6 15. Be2 Rfe8 16. Nfd4 Bxe2 17. Rxe2 Ng6 18. Rxe8+ Rxe8 19. Qd2 Nce5 20.
Re1 Rd8 21. Nf5 Nc4 22. Qd4 Qxd4 23. Nbxd4 Kf8 24. b3 Nce5 25. Ne3 Nf4 26. Rd1
Nc6 27. Kf1 Ne6 28. Nf3 Ne7 29. g3 Ke8 30. Ke2 Rc8 31. c4 dxc4 32. Nxc4 Rc7 33.
Nd6+ Kf8 34. Nd4 Nd5 35. Nxe6+ fxe6 36. Ne4 Ke7 37. Kd2 Nb4 38. Nc3 a6 39. Rc1
Rc5 40. a3 Nc6 41. b4 Rc4 42. Na4 Rxc1 43. Kxc1 b5 44. Nc5 a5 45. bxa5 Nxa5 46.
Kc2 Kd6 47. Nd3 e5 48. Kc3 Kd5 49. Kb4 Nc4 50. Ne1 Kd4 51. Nc2+ Kd3 52. Kxb5
Nxa3+ 53. Nxa3 Ke2 54. Kc5 Kxf2 55. Kd5 Kxg3 56. Kxe5 Kxh3 57. Kf5 g5 58. Kf6
g4 59. Nc2 g3 1/2-1/2

[Event "Euskadi ch 2017"]
[Site "Zornotza"]
[Date "2017.04.19"]
[Round "3.2"]
[White "Trigo Urquijo, Sergio"]
[Black "Perez Pacheco, Ricardo"]
[Result "1/2-1/2"]
[WhiteElo "2397"]
[BlackElo "2177"]
[PlyCount "134"]
[EventDate "2017.04.17"]
[EventType "swiss"]
[EventRounds "7"]
[EventCountry "ESP"]
[SourceTitle "Ajedrez en Madrid"]
[Source "lmi"]
[SourceDate "2017.04.17"]

1. e4 c5 2. Nf3 Nc6 3. Bb5 g6 4. Bxc6 dxc6 5. d3 Bg7 6. h3 Nf6 7. Nc3 Nd7 8.
Be3 e5 9. Qd2 h6 10. O-O Qe7 11. Nh2 Nf8 12. f4 exf4 13. Bxf4 Ne6 14. Bg3 Qg5
15. Qxg5 hxg5 16. Nf3 Nd4 17. Nxd4 Bxd4+ 18. Bf2 g4 19. hxg4 Bxg4 20. Bxd4 cxd4
21. Nb1 Ke7 22. Nd2 f6 23. e5 fxe5 24. Rae1 Rh5 25. Nc4 Rf8 26. Rxf8 Kxf8 27.
Nxe5 Rg5 28. Kf2 Bc8 29. Nf3 Rf5 30. Kg3 c5 31. b3 b6 32. a4 Bb7 33. Re6 Kf7
34. Rd6 Rd5 35. Rxd5 Bxd5 36. Nd2 Kf6 37. Nb1 Kf5 38. Na3 a6 39. Nb1 Bf7 40.
Nd2 Bd5 41. Nf1 Bc6 42. Nh2 Bd5 43. Ng4 Bxg2 44. Nh6+ Kg5 45. Nf7+ Kf6 46. Nd6
Bc6 47. Nc4 b5 48. axb5 axb5 49. Nd2 Kf5 50. Nb1 g5 51. Na3 Be8 52. Nb1 Bh5 53.
Nd2 Bd1 54. Ne4 Bxc2 55. Nxc5 Ke5 56. Kg4 Kd5 57. b4 Bxd3 58. Nxd3 Kc4 59. Nf2
Kxb4 60. Kxg5 Kc3 61. Kf4 d3 62. Ke3 d2 63. Ne4+ Kc2 64. Nxd2 b4 65. Nc4 Kc3
66. Na5 b3 67. Nxb3 Kxb3 1/2-1/2

[Event "Euskadi ch 2017"]
[Site "Zornotza"]
[Date "2017.04.19"]
[Round "3.3"]
[White "Perez Fernandez, Modesto"]
[Black "Ortega Lopez, Mikel"]
[Result "1-0"]
[WhiteElo "2114"]
[BlackElo "2272"]
[PlyCount "75"]
[EventDate "2017.04.17"]
[EventType "swiss"]
[EventRounds "7"]
[EventCountry "ESP"]
[SourceTitle "Ajedrez en Madrid"]
[Source "lmi"]
[SourceDate "2017.04.17"]

1. e4 c5 2. Nf3 Nc6 3. d4 cxd4 4. Nxd4 Nf6 5. Nc3 d6 6. Bg5 e6 7. Qd2 Be7 8.
O-O-O O-O 9. f4 Nxd4 10. Qxd4 Qa5 11. e5 dxe5 12. Qxe5 b5 13. Bd3 Bb7 14. Qxb5
Qxb5 15. Bxb5 Bc5 16. Bxf6 gxf6 17. Rhe1 a6 18. Bc4 Rac8 19. Bb3 f5 20. Na4 Bb4
21. c3 Ba5 22. g3 Be4 23. Rd6 Bb7 24. Nb6 Rc6 25. Rxc6 Bxc6 26. Nc4 Bc7 27. Ne5
Be4 28. Nd7 Rc8 29. Nf6+ Kg7 30. Nxe4 fxe4 31. Rxe4 Kg6 32. Bc2 Kh5 33. Bd1+
Kg6 34. Rc4 h5 35. Bf3 h4 36. Bb7 hxg3 37. hxg3 Bxf4+ 38. Rxf4 1-0

[Event "Euskadi ch 2017"]
[Site "Zornotza"]
[Date "2017.04.19"]
[Round "3.4"]
[White "Marchena Hurtado, Javier"]
[Black "Buiza Prieto, Eihartze"]
[Result "1-0"]
[WhiteElo "2352"]
[BlackElo "2120"]
[PlyCount "107"]
[EventDate "2017.04.17"]
[EventType "swiss"]
[EventRounds "7"]
[EventCountry "ESP"]
[SourceTitle "Ajedrez en Madrid"]
[Source "lmi"]
[SourceDate "2017.04.17"]

1. d4 d6 2. c4 e5 3. Nc3 exd4 4. Qxd4 Nc6 5. Qd1 Nf6 6. Nf3 Be6 7. e4 Be7 8.
Be2 O-O 9. O-O Ne5 10. b3 Nxf3+ 11. Bxf3 c6 12. Bf4 Qa5 13. Qd2 Kh8 14. Rfd1
Rad8 15. Rac1 Ne8 16. h3 f5 17. Re1 Bf6 18. exf5 Bxf5 19. Be4 Bxe4 20. Rxe4 Qf5
21. f3 d5 22. cxd5 cxd5 23. Ra4 Bxc3 24. Rxc3 d4 25. Be3 dxc3 26. Qxd8 Kg8 27.
Rc4 Nf6 28. Qd4 Nd5 29. Rc5 Qb1+ 30. Kh2 Nxe3 31. Qxe3 Qxa2 32. Qe6+ Kh8 33.
Rc8 Qa3 34. Rxc3 Qb4 35. Re3 h6 36. Re4 Qc5 37. Qe7 Qc8 38. Rc4 Qd8 39. Rc7
Qxe7 40. Rxe7 b6 41. Rxa7 Rf5 42. Ra4 Rb5 43. b4 Kh7 44. Kg3 Kg6 45. Kf4 Kf6
46. Ke4 Ke6 47. Kd4 Rd5+ 48. Kc3 Kd6 49. Ra7 g5 50. Rh7 Ke5 51. Rxh6 Kf4 52.
Rxb6 Kg3 53. Rg6 Rf5 54. Kd4 1-0

[Event "Euskadi ch 2017"]
[Site "Zornotza"]
[Date "2017.04.19"]
[Round "3.5"]
[White "Huerga Leache, Mikel"]
[Black "Sanchez Ruesga, Carlos"]
[Result "1-0"]
[WhiteElo "2449"]
[BlackElo "1948"]
[PlyCount "79"]
[EventDate "2017.04.17"]
[EventType "swiss"]
[EventRounds "7"]
[EventCountry "ESP"]
[SourceTitle "Ajedrez en Madrid"]
[Source "lmi"]
[SourceDate "2017.04.17"]

1. Nf3 d5 2. c4 c6 3. e3 Nf6 4. Nc3 g6 5. d4 Bg7 6. Be2 O-O 7. O-O Bg4 8. cxd5
Nxd5 9. e4 Nb6 10. Be3 Bxf3 11. gxf3 e6 12. Qd2 N8d7 13. Rad1 Qe7 14. Kh1 f5
15. Bh6 Bxh6 16. Qxh6 Qg7 17. Qe3 Kh8 18. a4 a5 19. Rb1 f4 20. Qd2 Qe7 21. Rbd1
Qb4 22. d5 cxd5 23. exd5 exd5 24. Nxd5 Qxd2 25. Rxd2 Nxd5 26. Rxd5 Nb6 27. Rb5
Rf6 28. b3 Rd6 29. Rd1 Rxd1+ 30. Bxd1 Nd7 31. Rxb7 Nc5 32. Rb5 Nd3 33. Be2 Nc1
34. Bc4 Ra7 35. b4 Rc7 36. Rc5 Rd7 37. bxa5 Nd3 38. Bxd3 Rxd3 39. a6 Rd7 40.
Rb5 1-0

[Event "Euskadi ch 2017"]
[Site "Zornotza"]
[Date "2017.04.19"]
[Round "3.6"]
[White "Olaizola Ortega, Luis"]
[Black "Torres Garcia, Koldo"]
[Result "1/2-1/2"]
[WhiteElo "2163"]
[BlackElo "2004"]
[PlyCount "70"]
[EventDate "2017.04.17"]
[EventType "swiss"]
[EventRounds "7"]
[EventCountry "ESP"]
[SourceTitle "Ajedrez en Madrid"]
[Source "lmi"]
[SourceDate "2017.04.17"]

1. Nf3 Nf6 2. c4 c5 3. g3 g6 4. Bg2 Bg7 5. O-O O-O 6. d4 cxd4 7. Nxd4 Nc6 8.
Nc3 Nxd4 9. Qxd4 d6 10. Qd2 a6 11. b3 Rb8 12. Bb2 b5 13. cxb5 axb5 14. Nd5 Nxd5
15. Bxg7 Kxg7 16. Bxd5 b4 17. Rfc1 e6 18. Bg2 d5 19. Qd4+ Kg8 20. Qf4 Ba6 21.
e3 Qa5 22. h4 h5 23. Rc7 Rbc8 24. Rac1 Rxc7 25. Rxc7 Bd3 26. Rb7 Qxa2 27. Rxb4
Bc2 28. Bh3 Bxb3 29. Qf6 Bc2 30. Bxe6 Qa8 31. Rf4 fxe6 32. Qxe6+ Kh8 33. Qe5+
Kg8 34. Qxd5+ Kh8 35. Qd4+ Kg8 1/2-1/2

[Event "Euskadi ch 2017"]
[Site "Zornotza"]
[Date "2017.04.19"]
[Round "3.7"]
[White "Ortin Blanco, Inigo"]
[Black "Diez Fraile, David"]
[Result "1-0"]
[WhiteElo "2127"]
[BlackElo "2149"]
[PlyCount "67"]
[EventDate "2017.04.17"]
[EventType "swiss"]
[EventRounds "7"]
[EventCountry "ESP"]
[SourceTitle "Ajedrez en Madrid"]
[Source "lmi"]
[SourceDate "2017.04.17"]

1. d4 d5 2. c4 e6 3. Nc3 Nf6 4. cxd5 exd5 5. Bg5 Nbd7 6. e3 c6 7. Qc2 Be7 8.
Bd3 h6 9. Bh4 Nh5 10. Bxe7 Qxe7 11. Nge2 Nb6 12. O-O-O Be6 13. Kb1 O-O-O 14. h3
Kb8 15. g4 Nf6 16. Ng3 h5 17. g5 Ne8 18. g6 Nd6 19. Nge2 fxg6 20. Nf4 Rh6 21.
Nxg6 Qf6 22. Nf4 g5 23. Nxe6 Qxe6 24. Rdg1 Qf6 25. Rg3 Rf8 26. Rhg1 Nf7 27. Qe2
Rhh8 28. Rf3 Qh6 29. Rf5 Rhg8 30. f4 Qe6 31. fxg5 Nc4 32. Rgf1 Qe7 33. Bxc4
dxc4 34. Qf2 1-0

[Event "Euskadi ch 2017"]
[Site "Zornotza"]
[Date "2017.04.19"]
[Round "3.8"]
[White "Axpe Balenciaga, Inigo"]
[Black "Hernandez Perez, Jesus"]
[Result "1-0"]
[WhiteElo "2110"]
[BlackElo "1994"]
[PlyCount "89"]
[EventDate "2017.04.17"]
[EventType "swiss"]
[EventRounds "7"]
[EventCountry "ESP"]
[SourceTitle "Ajedrez en Madrid"]
[Source "lmi"]
[SourceDate "2017.04.17"]

1. Nf3 e6 2. b3 Nf6 3. Bb2 d5 4. e3 Bd6 5. d4 O-O 6. Bd3 Nbd7 7. Nbd2 c5 8. Ne5
Qc7 9. f4 b6 10. O-O cxd4 11. exd4 Re8 12. Qe2 Nf8 13. Rac1 Bb7 14. c4 Qe7 15.
Ndf3 Ne4 16. g3 f6 17. Ng4 Rac8 18. Ne3 f5 19. Ne5 Bxe5 20. fxe5 g6 21. cxd5
exd5 22. Ba6 Rxc1 23. Rxc1 Rd8 24. Bxb7 Qxb7 25. Qb5 Kf7 26. a4 Qd7 27. Qb4 Ne6
28. a5 f4 29. Rf1 g5 30. axb6 axb6 31. Ba3 b5 32. Ng2 Kg8 33. gxf4 gxf4 34.
Nxf4 Qg7+ 35. Ng2 N6g5 36. Rf5 Rc8 37. Qxb5 Qh6 38. Qxd5+ Kh8 39. Qd7 Nh3+ 40.
Kf1 Ra8 41. Rf7 Kg8 42. Qe7 Qa6+ 43. Ke1 Qxa3 44. Rf8+ Rxf8 45. Qxa3 1-0

[Event "Euskadi ch 2017"]
[Site "Zornotza"]
[Date "2017.04.19"]
[Round "3.9"]
[White "Laseca Arana, Irati"]
[Black "Abalia Patino, Aritz"]
[Result "0-1"]
[WhiteElo "1823"]
[BlackElo "2032"]
[PlyCount "98"]
[EventDate "2017.04.17"]
[EventType "swiss"]
[EventRounds "7"]
[EventCountry "ESP"]
[SourceTitle "Ajedrez en Madrid"]
[Source "lmi"]
[SourceDate "2017.04.17"]

1. d4 d5 2. Nf3 c6 3. e3 Nf6 4. Bd3 Bg4 5. Nbd2 Nbd7 6. c4 e5 7. cxd5 Nxd5 8.
Qb3 Bxf3 9. Nxf3 Bb4+ 10. Ke2 exd4 11. a3 Nc5 12. Qc4 Nxd3 13. Qxd3 dxe3 14.
Bxe3 Qe7 15. Qd4 Nxe3 16. fxe3 Bc5 17. Qe5 Qxe5 18. Nxe5 f6 19. Nc4 O-O-O 20.
Rhd1 Rhe8 21. b4 Bf8 22. Rxd8+ Rxd8 23. Rd1 Rxd1 24. Kxd1 Kc7 25. Kd2 b5 26.
Nb2 a5 27. Nd3 a4 28. e4 Bd6 29. h3 Kb6 30. Kc3 Be5+ 31. Kc2 Kc7 32. Nc5 Kd6
33. Nb7+ Ke7 34. Nc5 Bd4 35. Nd3 Kd6 36. g4 g6 37. Kd2 c5 38. bxc5+ Bxc5 39. g5
fxg5 40. e5+ Kc6 41. Nxc5 Kxc5 42. Kc3 b4+ 43. axb4+ Kd5 44. b5 Kxe5 45. Kb4
Kd6 46. Kxa4 Kc7 47. Ka5 Kb7 48. b6 h5 49. Kb5 g4 0-1

[Event "Euskadi ch 2017"]
[Site "Zornotza"]
[Date "2017.04.19"]
[Round "3.10"]
[White "Fernandez Zubitur, Jokin"]
[Black "Fernandez De Pinedo Orive, Jose"]
[Result "1-0"]
[WhiteElo "2019"]
[BlackElo "1856"]
[PlyCount "95"]
[EventDate "2017.04.17"]
[EventType "swiss"]
[EventRounds "7"]
[EventCountry "ESP"]
[SourceTitle "Ajedrez en Madrid"]
[Source "lmi"]
[SourceDate "2017.04.17"]

1. e4 c5 2. Nc3 Nc6 3. g3 e6 4. Bg2 Nf6 5. d3 Be7 6. f4 d5 7. e5 Nd7 8. Qg4 Bf8
9. Bd2 a6 10. Nge2 Nb6 11. a4 Bd7 12. Nd1 Nc8 13. c3 N8e7 14. Qf3 Nf5 15. Ne3
Nxe3 16. Qxe3 Na5 17. Nc1 Nc6 18. O-O Be7 19. b3 Qc7 20. Ne2 O-O 21. Kh1 b5 22.
axb5 axb5 23. d4 Rxa1 24. Rxa1 Na5 25. Rb1 c4 26. b4 Nb3 27. f5 Ra8 28. Nf4 Ra2
29. Be1 Qa7 30. f6 Bf8 31. fxg7 Bxg7 32. Nh5 h6 33. Qf3 Kf8 34. g4 Nd2 35. Bxd2
Rxd2 36. Nxg7 Kxg7 37. Qf6+ Kg8 38. Rg1 Ra2 39. g5 hxg5 40. Qxg5+ Kf8 41. Qh6+
Ke7 42. Qf6+ Kf8 43. Bf1 Ra1 44. Qg7+ Ke7 45. Qf6+ Kf8 46. Qd8+ Be8 47. Qd6+
Qe7 48. Rg8+ 1-0

[Event "Euskadi ch 2017"]
[Site "Zornotza"]
[Date "2017.04.20"]
[Round "4.1"]
[White "Del Rio De Angelis, Salvador G"]
[Black "Perez Fernandez, Modesto"]
[Result "1-0"]
[WhiteElo "2524"]
[BlackElo "2114"]
[PlyCount "131"]
[EventDate "2017.04.17"]
[EventType "swiss"]
[EventRounds "7"]
[EventCountry "ESP"]
[SourceTitle "Ajedrez en Madrid"]
[Source "lmi"]
[SourceDate "2017.04.17"]

1. d4 d5 2. c4 c6 3. Nf3 Nf6 4. Nc3 e6 5. Bg5 h6 6. Bh4 g5 7. Bg3 dxc4 8. e3 b5
9. Ne5 a6 10. h4 g4 11. Nxg4 Nbd7 12. Nxf6+ Nxf6 13. Qc2 Bd6 14. Bxd6 Qxd6 15.
O-O-O Bb7 16. e4 Qf4+ 17. Kb1 b4 18. Na4 Qxe4 19. Nc5 Qxc2+ 20. Kxc2 O-O-O 21.
Bxc4 a5 22. a3 bxa3 23. bxa3 Nd7 24. Rb1 Nxc5 25. dxc5 Rhg8 26. g3 Rg4 27. Kc3
Rgd4 28. Rb2 Kc7 29. Re1 Bc8 30. Re3 Rd1 31. Rf3 f5 32. Re3 Ra1 33. Ra2 Rc1+
34. Rc2 Rxc2+ 35. Kxc2 Re8 36. f4 Bd7 37. Kb3 Rb8+ 38. Ka4 Ra8 39. Rd3 h5 40.
Re3 Kb7 41. Bxe6 Re8 42. Rb3+ Kc7 43. Bxd7 Kxd7 44. Kxa5 Ra8+ 45. Kb4 Rb8+ 46.
Kc4 Ra8 47. Kd4 Ke6 48. Re3+ Kf6 49. Kc3 Ra4 50. Kb3 Rd4 51. a4 Rd1 52. Kb4
Rd4+ 53. Ka5 Rc4 54. Kb6 Rxa4 55. Kxc6 Re4 56. Rd3 Ke7 57. Rd5 Kf6 58. Kb6 Rb4+
59. Ka6 Ke6 60. Re5+ Kd7 61. Rxf5 Kc6 62. Ka5 Rb3 63. Rg5 Re3 64. Kb4 Re4+ 65.
Kc3 Ra4 66. Kd3 1-0

[Event "Euskadi ch 2017"]
[Site "Zornotza"]
[Date "2017.04.20"]
[Round "4.2"]
[White "Perez Pacheco, Ricardo"]
[Black "Prieto Aranguren, Alain"]
[Result "1/2-1/2"]
[WhiteElo "2177"]
[BlackElo "2224"]
[PlyCount "33"]
[EventDate "2017.04.17"]
[EventType "swiss"]
[EventRounds "7"]
[EventCountry "ESP"]
[SourceTitle "Ajedrez en Madrid"]
[Source "lmi"]
[SourceDate "2017.04.17"]

1. e4 e5 2. Nf3 Nc6 3. Bb5 Nge7 4. O-O g6 5. d4 exd4 6. Nxd4 Bg7 7. Be3 O-O 8.
Nc3 a6 9. Be2 d5 10. exd5 Nxd5 11. Nxd5 Nxd4 12. Bxd4 Qxd5 13. Bxg7 Qxd1 14.
Raxd1 Kxg7 15. Bf3 c6 16. Rd4 Re8 17. h3 1/2-1/2

[Event "Euskadi ch 2017"]
[Site "Zornotza"]
[Date "2017.04.20"]
[Round "4.3"]
[White "Marchena Hurtado, Javier"]
[Black "Huerga Leache, Mikel"]
[Result "0-1"]
[WhiteElo "2352"]
[BlackElo "2449"]
[PlyCount "88"]
[EventDate "2017.04.17"]
[EventType "swiss"]
[EventRounds "7"]
[EventCountry "ESP"]
[SourceTitle "Ajedrez en Madrid"]
[Source "lmi"]
[SourceDate "2017.04.17"]

1. d4 Nf6 2. c4 e6 3. Nf3 d5 4. g3 Bb4+ 5. Bd2 Be7 6. Bg2 c6 7. Qc2 Nbd7 8. O-O
Ne4 9. Rd1 Nxd2 10. Nbxd2 f5 11. cxd5 cxd5 12. Rac1 Bd6 13. Ne1 O-O 14. Nd3 Nb8
15. Ne5 Bxe5 16. dxe5 Nc6 17. e4 fxe4 18. Nxe4 Nxe5 19. Qc3 Nc6 20. Nc5 Qf6 21.
f4 a5 22. Re1 Qf5 23. Rcd1 Kh8 24. a3 a4 25. Qd3 Qf6 26. Qb5 e5 27. Rxd5 exf4
28. Rf1 Qe7 29. gxf4 Nd4 30. Qc4 Nf5 31. Re5 Qd6 32. Kh1 Nh4 33. Qd5 Qxd5 34.
Bxd5 Ra5 35. Rc1 Ng6 36. Re4 Nxf4 37. Nxb7 Rxd5 38. Rxf4 Rdf5 39. Rb4 Rf2 40.
Nd6 Bh3 41. Rg1 Rf1 42. Nf7+ R1xf7 43. Rh4 Be6 44. Rd1 Bb3 0-1

[Event "Euskadi ch 2017"]
[Site "Zornotza"]
[Date "2017.04.20"]
[Round "4.4"]
[White "Ortin Blanco, Inigo"]
[Black "Trigo Urquijo, Sergio"]
[Result "0-1"]
[WhiteElo "2127"]
[BlackElo "2397"]
[PlyCount "160"]
[EventDate "2017.04.17"]
[EventType "swiss"]
[EventRounds "7"]
[EventCountry "ESP"]
[SourceTitle "Ajedrez en Madrid"]
[Source "lmi"]
[SourceDate "2017.04.17"]

1. d4 d6 2. c4 g6 3. Nc3 Bg7 4. e4 e5 5. d5 f5 6. Nf3 Nf6 7. Be2 O-O 8. Qc2 Na6
9. O-O Nc5 10. Nd2 a5 11. f3 Nh5 12. Nb3 b6 13. Nxc5 bxc5 14. exf5 gxf5 15. f4
Nxf4 16. Bxf4 exf4 17. Bd3 Bd4+ 18. Kh1 Be5 19. Ne2 Rb8 20. Rab1 Qh4 21. Rf3
Rf6 22. Qd2 Rh6 23. Rh3 Qf6 24. Rxh6 Qxh6 25. g3 Qh5 26. Nxf4 Qf3+ 27. Ng2 Rxb2
28. Rxb2 Bxb2 29. Be2 Bc1 30. Qc2 Qf2 31. Bd3 Qxc2 32. Bxc2 Kg7 33. Nf4 Kf6 34.
Kg2 Ba6 35. Bd3 Ke5 36. Ne2 Bd2 37. Kf3 Bb7 38. Ng1 c6 39. Ke2 Bh6 40. Nf3+ Kf6
41. Nh4 cxd5 42. cxd5 Bxd5 43. Nxf5 Bf8 44. Bb1 Bc4+ 45. Kd2 d5 46. g4 d4 47.
Ng3 Bh6+ 48. Kc2 Ke5 49. Kb2 d3 50. Kc3 d2 51. Bc2 Bd5 52. Nf1 Kf4 53. Nxd2
Bg7+ 54. Kd3 Bxa2 55. Nb3 c4+ 56. Kxc4 a4 57. Kb4 axb3 58. Bxh7 b2 59. Ka3 b1=Q
60. Bxb1 Bxb1 61. Kb4 Kxg4 62. Kc5 Bd3 63. Kd5 Bc3 64. Kc5 Kh3 65. Kd5 Kxh2 66.
Kd6 Bc4 67. Kc5 Bb3 68. Kd6 Bd4 69. Kc6 Bc4 70. Kd6 Kg3 71. Kc6 Kf4 72. Kd6 Kf5
73. Kc6 Ke6 74. Kc7 Bb5 75. Kb7 Kd7 76. Kb8 Ba6 77. Ka8 Kc6 78. Kb8 Kb6 79. Ka8
Bb7+ 80. Kb8 Be5# 0-1

[Event "Euskadi ch 2017"]
[Site "Zornotza"]
[Date "2017.04.20"]
[Round "4.5"]
[White "Ortega Lopez, Mikel"]
[Black "Axpe Balenciaga, Inigo"]
[Result "1-0"]
[WhiteElo "2272"]
[BlackElo "2110"]
[PlyCount "35"]
[EventDate "2017.04.17"]
[EventType "swiss"]
[EventRounds "7"]
[EventCountry "ESP"]
[SourceTitle "Ajedrez en Madrid"]
[Source "lmi"]
[SourceDate "2017.04.17"]

1. e4 g6 2. d4 Bg7 3. Nf3 c6 4. Nc3 d6 5. Be3 Nd7 6. Qd2 Qc7 7. O-O-O h6 8. Bd3
e6 9. g4 a6 10. Nh4 e5 11. Be2 Ne7 12. Rhg1 Nf8 13. dxe5 dxe5 14. Bc5 Ne6 15.
Bd6 Qd8 16. Nf3 Qa5 17. Bxe7 Kxe7 18. Nd5+ 1-0

[Event "Euskadi ch 2017"]
[Site "Zornotza"]
[Date "2017.04.20"]
[Round "4.6"]
[White "Abalia Patino, Aritz"]
[Black "Olaizola Ortega, Luis"]
[Result "1-0"]
[WhiteElo "2032"]
[BlackElo "2163"]
[PlyCount "51"]
[EventDate "2017.04.17"]
[EventType "swiss"]
[EventRounds "7"]
[EventCountry "ESP"]
[SourceTitle "Ajedrez en Madrid"]
[Source "lmi"]
[SourceDate "2017.04.17"]

1. e4 e6 2. d4 d5 3. Bd3 dxe4 4. Bxe4 Nf6 5. Bf3 c5 6. Ne2 Nc6 7. Be3 Qb6 8.
Nbc3 cxd4 9. Nxd4 Nxd4 10. Qxd4 Qxd4 11. Bxd4 Bd6 12. Nb5 Bb8 13. Bc5 Nd7 14.
Nd6+ Bxd6 15. Bxd6 Nb8 16. O-O-O Nc6 17. Rd2 Bd7 18. Rhd1 O-O-O 19. Rd3 Rhe8
20. b4 b5 21. Rc3 Kb7 22. a4 a6 23. axb5 axb5 24. Rc5 Kb6 25. Bc7+ Kxc7 26.
Rxd7+ 1-0

[Event "Euskadi ch 2017"]
[Site "Zornotza"]
[Date "2017.04.20"]
[Round "4.7"]
[White "Buiza Prieto, Eihartze"]
[Black "Fernandez Zubitur, Jokin"]
[Result "1/2-1/2"]
[WhiteElo "2120"]
[BlackElo "2019"]
[PlyCount "152"]
[EventDate "2017.04.17"]
[EventType "swiss"]
[EventRounds "7"]
[EventCountry "ESP"]
[SourceTitle "Ajedrez en Madrid"]
[Source "lmi"]
[SourceDate "2017.04.17"]

1. e4 e5 2. Nf3 Nc6 3. Bb5 Nf6 4. O-O Nxe4 5. Re1 Nd6 6. Bxc6 dxc6 7. Rxe5+ Be7
8. d4 O-O 9. c3 Bf6 10. Re1 Bg4 11. h3 Bh5 12. Bf4 Re8 13. Nbd2 Qd7 14. Qb3 b6
15. Ne5 Bxe5 16. Bxe5 Qe6 17. Qxe6 Rxe6 18. g4 Rae8 19. Rf1 Bg6 20. f4 f5 21.
Nf3 h6 22. Nd2 Bf7 23. Kh2 h5 24. gxf5 Nxf5 25. Rg1 Rg6 26. Rxg6 Bxg6 27. Rg1
Bf7 28. Rg5 g6 29. Ne4 Re6 30. Rg1 Kf8 31. b3 Ke8 32. Kg2 Kd7 33. Kf2 Be8 34.
Ke2 Kc8 35. Kd3 Nd6 36. Ng5 Re7 37. Bf6 Rd7 38. Nf3 Rf7 39. Rxg6 Bd7 40. Rg8+
Kb7 41. Be5 Bxh3 42. Ng5 Bf5+ 43. Ke3 Re7 44. Rh8 Bg4 45. Kf2 Nf5 46. Ne4 Bd1
47. Ng3 Nxg3 48. Kxg3 Rf7 49. Kh4 c5 50. dxc5 bxc5 51. Kg5 Bg4 52. Rh6 a5 53.
Rf6 Rxf6 54. Kxf6 Kc6 55. f5 Kd5 56. Bxc7 Ke4 57. Bxa5 Bxf5 58. Kg5 Bg4 59. Bc7
Kd5 60. Kf4 Bd1 61. Ke3 c4 62. b4 Ba4 63. Bg3 Bd7 64. Kf4 Ba4 65. Kg5 Bd1 66.
Bh2 Kc6 67. Kf4 Kb5 68. Ke5 Bc2 69. Kd5 Bd1 70. Bg3 Bc2 71. a3 Bd1 72. Ke5 Bc2
73. Kf4 Bd1 74. Ke4 Ka4 75. Bd6 Kb5 76. a4+ Kxa4 1/2-1/2

[Event "Euskadi ch 2017"]
[Site "Zornotza"]
[Date "2017.04.20"]
[Round "4.8"]
[White "Torres Garcia, Koldo"]
[Black "Diez Fraile, David"]
[Result "1/2-1/2"]
[WhiteElo "2004"]
[BlackElo "2149"]
[PlyCount "44"]
[EventDate "2017.04.17"]
[EventType "swiss"]
[EventRounds "7"]
[EventCountry "ESP"]
[SourceTitle "Ajedrez en Madrid"]
[Source "lmi"]
[SourceDate "2017.04.17"]

1. e4 c6 2. Nc3 d5 3. Nf3 Bg4 4. h3 Bxf3 5. Qxf3 Nf6 6. exd5 cxd5 7. d4 e6 8.
Qg3 Nc6 9. Be3 Rc8 10. Bb5 a6 11. Bxc6+ Rxc6 12. O-O g6 13. Rad1 Bg7 14. Qh4
Nh5 15. Bg5 Bf6 16. Bxf6 Qxf6 17. Qxf6 Nxf6 18. Rd2 Ke7 19. f3 Rhc8 20. Rff2
Nd7 21. Nd1 Nb6 22. Ne3 Nc4 1/2-1/2

[Event "Euskadi ch 2017"]
[Site "Zornotza"]
[Date "2017.04.20"]
[Round "4.9"]
[White "Hernandez Perez, Jesus"]
[Black "Sanchez Ruesga, Carlos"]
[Result "1-0"]
[WhiteElo "1994"]
[BlackElo "1948"]
[PlyCount "125"]
[EventDate "2017.04.17"]
[EventType "swiss"]
[EventRounds "7"]
[EventCountry "ESP"]
[SourceTitle "Ajedrez en Madrid"]
[Source "lmi"]
[SourceDate "2017.04.17"]

1. Nf3 Nf6 2. d4 e6 3. Bf4 c5 4. e3 Be7 5. Bd3 O-O 6. Nbd2 b6 7. c3 Bb7 8. Qe2
Nc6 9. h3 d6 10. O-O Qd7 11. Ne4 Nd5 12. Bh2 f5 13. Ned2 Nf6 14. Rfe1 Rfe8 15.
Rad1 Bf8 16. e4 cxd4 17. Nxd4 Nxd4 18. cxd4 Kh8 19. f3 Bc6 20. Nb1 b5 21. Rc1
a6 22. a3 Rac8 23. Nc3 g6 24. Qd2 Qa7 25. Qf2 Qd7 26. Qd2 Bg7 27. Kh1 Bb7 28.
Bb1 Rcd8 29. Ba2 Ng8 30. Rcd1 Bh6 31. Qd3 f4 32. Bg1 Bg7 33. b4 Rc8 34. Rc1 Nf6
35. Rc2 Nh5 36. Rec1 g5 37. Bb3 d5 38. e5 Bf8 39. Ne2 Rxc2 40. Rxc2 Rc8 41. Bf2
Ng7 42. h4 Qf7 43. hxg5 Rxc2 44. Bxc2 Ne8 45. Nxf4 Nc7 46. Bg3 Bc8 47. g6 hxg6
48. Qxg6 Qxg6 49. Nxg6+ Kg7 50. Nxf8 Kxf8 51. Bh4 Na8 52. Bd8 Bd7 53. g4 Ke8
54. Ba5 Ke7 55. Kg2 Be8 56. f4 Bf7 57. Kg3 Kf8 58. Kh4 Kg7 59. Kg5 Be8 60. f5
Bd7 61. f6+ Kf8 62. Kh6 Bc8 63. g5 1-0

[Event "Euskadi ch 2017"]
[Site "Zornotza"]
[Date "2017.04.20"]
[Round "4.10"]
[White "Fernandez De Pinedo Orive, Jose"]
[Black "Gonzalez Martinez, Miguel Ange"]
[Result "0-1"]
[WhiteElo "1856"]
[BlackElo "2115"]
[PlyCount "66"]
[EventDate "2017.04.17"]
[EventType "swiss"]
[EventRounds "7"]
[EventCountry "ESP"]
[SourceTitle "Ajedrez en Madrid"]
[Source "lmi"]
[SourceDate "2017.04.17"]

1. e4 e6 2. d4 d5 3. exd5 exd5 4. Bd3 Nc6 5. c3 Bd6 6. Nf3 Nge7 7. O-O Bg4 8.
Re1 Qd7 9. Nbd2 O-O-O 10. b4 Ng6 11. Nf1 Nce7 12. Be2 f6 13. a4 Nf4 14. Bxf4
Bxf4 15. a5 Rhe8 16. Qb3 Ng6 17. b5 Rxe2 18. Rxe2 Bxf3 19. b6 cxb6 20. axb6 a6
21. Rea2 Bxg2 22. Rxa6 bxa6 23. Rxa6 Bb8 24. b7+ Qxb7 25. Rb6 Qc7 26. Kxg2 Nh4+
27. Kg1 Nf3+ 28. Kg2 Ne1+ 29. Kg1 Nf3+ 30. Kg2 Nh4+ 31. Kg1 Nf5 32. Qb5 Rd6 33.
Qe8+ Qd8 0-1